00285nam a22001097a 4500008004100000020001800041041000800059080000800067100000700075101000800082245008500090180910b xxu||||| |||| 00| 0 eng d a9780465009497 aeng a910 a42 aGEO aThe Flooded Earth Our Future iN A World Without ice CapscWard .P.D